00934cam a2200277 a 450000100060000000300080000600500170001400800410003103500140007203500110008604000270009704100080012404300120013208200250014410000330016924500420020226000470024430000610029149000260035250400590037865000350043783000340047294200120050699900170051895201210053576963BD-RjUL20211209082917.0200210s1949 enkabcf b 00110 eng d a(BD-RjUL) a703289 aANLbengdANLcBD-RjUL aeng ae-ur---0 a709.47219bRIR 19491 aRice, Tamara Talbot.923912110aRussian art /cby Tamara Talbot Rice. aWest Drayton, Middlesex :bPenguin,c1949. a276 p., [32] p. of plates :bill., map, ports. ;c18 cm.1 aPelican books ;vA182 aIncludes bibliographical references (p. 13) and index. 0aArt, RussianxHistory.9239122 0aPelican book ;vA182.9239123 2ddccBK c76963d76963 00102ddc40718NFICaRUCLbRUCLcReadingd2020-02-10l0o709.47 RIR 1949r2020-02-10 00:00:00tC-1w2020-02-10yBK